|
|
|
|
| LEADER |
00000nam0a2200000 4500 |
| 001 |
273110 |
| 005 |
20231101234611.0 |
| 020 |
|
|
|a RU
|b 87-74553
|
| 035 |
|
|
|a (RuTPU)RU\TPU\book\296319
|
| 090 |
|
|
|a 273110
|
| 100 |
|
|
|a 20141023d1987 m a0rusy5003 ca
|
| 101 |
0 |
|
|a rus
|
| 102 |
|
|
|a RU
|
| 105 |
|
|
|a a j 001zy
|
| 200 |
1 |
|
|a Общий курс строительных материалов
|e учебное пособие для вузов
|f под ред. И. А. Рыбьева
|
| 210 |
|
|
|a Москва
|c Высшая школа
|d 1987
|
| 215 |
|
|
|a 583 с.
|c ил.
|
| 300 |
|
|
|a Библиогр.: с. 579 (7 назв.)
|
| 606 |
1 |
|
|a Строительные материалы
|2 stltpush
|3 (RuTPU)RU\TPU\subj\57441
|9 75303
|
| 610 |
1 |
|
|a учебники
|
| 610 |
1 |
|
|a технологические операции
|
| 610 |
1 |
|
|a свойства
|
| 610 |
1 |
|
|a природные строительные материалы
|
| 610 |
1 |
|
|a искусственные строительные материалы
|
| 610 |
1 |
|
|a вяжущие вещества
|
| 610 |
1 |
|
|a растворы
|
| 610 |
1 |
|
|a бетоны
|
| 610 |
1 |
|
|a каменное литье
|
| 610 |
1 |
|
|a металлические материалы
|
| 610 |
1 |
|
|a изделия
|
| 675 |
|
|
|a 691(075.8)
|z rus
|v 4
|
| 702 |
|
1 |
|a Рыбьев
|b И. А.
|g Игорь Александрович
|4 340
|
| 801 |
|
0 |
|a RU
|b RuMRKP
|c 19950417
|g psbo
|
| 801 |
|
1 |
|a RU
|b 63413507
|c 20141023
|
| 801 |
|
2 |
|a RU
|b 63413507
|c 20170111
|g RCR
|
| 942 |
|
|
|c BK
|